000 00393nam a2200145Ia 4500
008 210719s1948 xx 000 0 und d
041 _aeng
082 _a330 DODA
100 _aDODD (James Harvey) & HASEK (C W)
245 _aEconomics principles and applications.
260 _aNY
_bSouth Western Publishing Co.
_c1948
300 _aVI,729
_bHB
365 _cRs
650 _aEconomic Theory
999 _c212307
_d212307